<?xml version="1.0" encoding="UTF-8"?>
<record
    xmlns:xsi="http://www.w3.org/2001/XMLSchema-instance"
    xsi:schemaLocation="http://www.loc.gov/MARC21/slim http://www.loc.gov/standards/marcxml/schema/MARC21slim.xsd"
    xmlns="http://www.loc.gov/MARC21/slim">

  <leader>01547nam0a22003011  4500</leader>
  <controlfield tag="001">RU\NLR\19V\937189</controlfield>
  <controlfield tag="005">20250625210051.0</controlfield>
  <datafield tag="035" ind1=" " ind2=" ">
    <subfield code="a">(NLR Aleph) 011134276</subfield>
  </datafield>
  <datafield tag="090" ind1=" " ind2=" ">
    <subfield code="a">11585277</subfield>
    <subfield code="c">11585277</subfield>
  </datafield>
  <datafield tag="100" ind1=" " ind2=" ">
    <subfield code="a">20160523d1906    |||y0rusy50      ca</subfield>
  </datafield>
  <datafield tag="101" ind1="1" ind2=" ">
    <subfield code="a">rus</subfield>
    <subfield code="c">ger</subfield>
  </datafield>
  <datafield tag="102" ind1=" " ind2=" ">
    <subfield code="a">RU</subfield>
  </datafield>
  <datafield tag="105" ind1=" " ind2=" ">
    <subfield code="a">y z |||a|</subfield>
  </datafield>
  <datafield tag="200" ind1="1" ind2=" ">
    <subfield code="a">&#x414;&#x43D;&#x435;&#x432;&#x43D;&#x438;&#x43A; &#x43F;&#x430;&#x434;&#x448;&#x435;&#x439;</subfield>
    <subfield code="e">&#x43F;&#x43E;&#x434;&#x43B;&#x438;&#x43D;&#x43D;&#x44B;&#x435; &#x437;&#x430;&#x43F;&#x438;&#x441;&#x43A;&#x438;</subfield>
    <subfield code="f">&#x43E;&#x431;&#x440;&#x430;&#x431;&#x43E;&#x442;&#x430;&#x43D;&#x44B; &#x434;&#x43B;&#x44F; &#x43F;&#x435;&#x447;&#x430;&#x442;&#x438; &#x41C;&#x430;&#x440;&#x433;&#x430;&#x440;&#x438;&#x442;&#x43E;&#x439; &#x411;&#xEB;&#x43C;&#x435;</subfield>
    <subfield code="g">&#x43F;&#x435;&#x440;. &#x441; &#x43D;&#x435;&#x43C;. &#x424;. &#x415;&#x43B;&#x44C;&#x44F;&#x448;&#x435;&#x432;&#x438;&#x447;</subfield>
    <subfield code="g">&#x441;&#x43E; &#x432;&#x441;&#x442;&#x443;&#x43F;. &#x441;&#x442;. &#x421;.&#x41B;. &#x424;&#x440;&#x430;&#x43D;&#x43A;&#x430;</subfield>
  </datafield>
  <datafield tag="210" ind1=" " ind2=" ">
    <subfield code="a">&#x421;.-&#x41F;&#x435;&#x442;&#x435;&#x440;&#x431;&#x443;&#x440;&#x433;</subfield>
    <subfield code="c">"&#x41E;&#x431;&#x449;&#x435;&#x441;&#x442;&#x432;&#x435;&#x43D;&#x43D;&#x430;&#x44F; &#x43F;&#x43E;&#x43B;&#x44C;&#x437;&#x430;"</subfield>
    <subfield code="d">1906</subfield>
  </datafield>
  <datafield tag="215" ind1=" " ind2=" ">
    <subfield code="a">XXVIII, 329 &#x441;.</subfield>
    <subfield code="d">19</subfield>
  </datafield>
  <datafield tag="327" ind1="0" ind2=" ">
    <subfield code="a">&#x412; &#x43A;&#x43D;. &#x442;&#x430;&#x43A;&#x436;&#x435;: &#x41A; &#x432;&#x43E;&#x43F;&#x440;&#x43E;&#x441;&#x443; &#x43E; &#x441;&#x443;&#x449;&#x43D;&#x43E;&#x441;&#x442;&#x438; &#x43C;&#x43E;&#x440;&#x430;&#x43B;&#x438; : (&#x432;&#x43C;&#x435;&#x441;&#x442;&#x43E; &#x43F;&#x440;&#x435;&#x434;&#x438;&#x441;&#x43B;&#x43E;&#x432;&#x438;&#x44F;) / &#x421;.&#x41B;. &#x424;&#x440;&#x430;&#x43D;&#x43A;</subfield>
  </datafield>
  <datafield tag="464" ind1=" " ind2="0">
    <subfield code="1">2001#$a&#x41A; &#x432;&#x43E;&#x43F;&#x440;&#x43E;&#x441;&#x443; &#x43E; &#x441;&#x443;&#x449;&#x43D;&#x43E;&#x441;&#x442;&#x438; &#x43C;&#x43E;&#x440;&#x430;&#x43B;&#x438;$e(&#x432;&#x43C;&#x435;&#x441;&#x442;&#x43E; &#x43F;&#x440;&#x435;&#x434;&#x438;&#x441;&#x43B;&#x43E;&#x432;&#x438;&#x44F;)$f&#x421;.&#x41B;. &#x424;&#x440;&#x430;&#x43D;&#x43A;</subfield>
    <subfield code="1">700#1$3RU\NLR\AUTH\7718694$7ca$a&#x424;&#x440;&#x430;&#x43D;&#x43A;$b&#x421;. &#x41B;.$f1877-1950$g&#x421;&#x435;&#x43C;&#x435;&#x43D; &#x41B;&#x44E;&#x434;&#x432;&#x438;&#x433;&#x43E;&#x432;&#x438;&#x447;</subfield>
    <subfield code="t">&#x41A; &#x432;&#x43E;&#x43F;&#x440;&#x43E;&#x441;&#x443; &#x43E; &#x441;&#x443;&#x449;&#x43D;&#x43E;&#x441;&#x442;&#x438; &#x43C;&#x43E;&#x440;&#x430;&#x43B;&#x438;</subfield>
    <subfield code="a">&#x424;&#x440;&#x430;&#x43D;&#x43A;, &#x421;&#x435;&#x43C;&#x435;&#x43D; &#x41B;&#x44E;&#x434;&#x432;&#x438;&#x433;&#x43E;&#x432;&#x438;&#x447; (1877-1950)</subfield>
  </datafield>
  <datafield tag="620" ind1=" " ind2=" ">
    <subfield code="a">RU</subfield>
    <subfield code="d">&#x421;&#x430;&#x43D;&#x43A;&#x442;-&#x41F;&#x435;&#x442;&#x435;&#x440;&#x431;&#x443;&#x440;&#x433;</subfield>
  </datafield>
  <datafield tag="700" ind1=" " ind2="1">
    <subfield code="7">ca</subfield>
    <subfield code="8">rus</subfield>
    <subfield code="a">&#x411;&#x451;&#x43C;&#x435;</subfield>
    <subfield code="b">&#x41C;.</subfield>
    <subfield code="f">1867-1939</subfield>
    <subfield code="g">&#x41C;&#x430;&#x440;&#x433;&#x430;&#x440;&#x438;&#x442;&#x430;</subfield>
    <subfield code="9">271248</subfield>
    <subfield code="3">RU\NLR\AUTH\770271304</subfield>
  </datafield>
  <datafield tag="702" ind1=" " ind2="1">
    <subfield code="a">&#x415;&#x43B;&#x44C;&#x44F;&#x448;&#x435;&#x432;&#x438;&#x447;</subfield>
    <subfield code="b">&#x424;.</subfield>
    <subfield code="4">730</subfield>
  </datafield>
  <datafield tag="801" ind1=" " ind2="0">
    <subfield code="a">RU</subfield>
    <subfield code="b">NLR</subfield>
    <subfield code="c">20160523</subfield>
    <subfield code="g">psbo</subfield>
  </datafield>
  <datafield tag="801" ind1=" " ind2="1">
    <subfield code="a">RU</subfield>
    <subfield code="b">NLR</subfield>
    <subfield code="c">20160523</subfield>
    <subfield code="2">rusmarc</subfield>
  </datafield>
  <datafield tag="801" ind1=" " ind2="2">
    <subfield code="a">RU</subfield>
    <subfield code="b">NLR</subfield>
    <subfield code="c">20160523</subfield>
    <subfield code="2">rusmarc</subfield>
  </datafield>
  <datafield tag="852" ind1=" " ind2=" ">
    <subfield code="a">NLR</subfield>
    <subfield code="j">38.55.8.47</subfield>
  </datafield>
  <datafield tag="942" ind1=" " ind2=" ">
    <subfield code="c">BOOK</subfield>
  </datafield>
  <datafield tag="980" ind1=" " ind2=" ">
    <subfield code="a">NB</subfield>
  </datafield>
</record>
